| 000 | 00687nam a2200289Ia 4500 | ||
|---|---|---|---|
| 005 | 20260324133039.0 | ||
| 008 | 008 260324s9999 xx 000 0 eng d | ||
| 020 | _a9780203603529 | ||
| 037 | _aEBOOK | ||
| 040 | _aCRL | ||
| 040 | _beng | ||
| 040 | _cCRL | ||
| 041 | _2eng | ||
| 041 | _aeng | ||
| 084 | _qCRL | ||
| 100 |
_aRebecca Popenoe _91191592 |
||
| 245 | 0 | _aFeeding Desire | |
| 245 | 0 | _bFatness, Beauty and Sexuality Among a Saharan People | |
| 260 | _bTaylor and Francis | ||
| 260 | _c2004 | ||
| 365 | _a | ||
| 365 | _b255 | ||
| 856 | _uhttp://www.taylorfrancis.com/books/9780203603529 | ||
| 942 | _cEBOOK | ||
| 999 |
_c1790284 _d1790284 |
||